[Event "DSM WK M 2010"]
[Site "Karlsruhe GER"]
[Date "2010.05.09"]
[Round "7"]
[White "Stitterich, Nadine"]
[Black "Wisheckel, Lena"]
[Result "1-0"]
[Termination "normal"]
[Board "1.1"]
[WhiteElo "1974"]
[BlackElo "1775"]
[WhiteTeam "Solitude-Gymnasium Stuttgart"]
[BlackTeam "Johann-Schöner-Gymnasium Karlstadt"]
[PlyCount "117"]
[WhiteFideId "24676527"]
[BlackFideId "24691992"]
[EventCountry "GER"]
[EventRounds "7"]
[EventType "team-swiss"]
[EventDate "2010.05.06"]

1. e4 c5 2. Nf3 d6 3. d4 cxd4 4. Nxd4 Nf6 5. Nc3 a6 6. Be2 e6 7. O-O Be7 8. f4
O-O 9. g4 Nc6 10. Nb3 b5 11. g5 Ne8 12. a3 Bb7 13. Be3 e5 14. Qd2 exf4 15. Bxf4
Ne5 16. Nd5 Bxd5 17. exd5 Rc8 18. Kh1 f6 19. Nd4 Nc7 20. Nf5 Kh8 21. Nxe7 Qxe7
22. Rae1 Qd7 23. Rg1 Qf5 24. Bxe5 Qe4+ 25. Rg2 fxe5 26. Bg4 Qxd5 27. Qxd5 Nxd5
28. Bxc8 Rxc8 29. Rd2 Nf4 30. Rxd6 Kg8 31. c3 Rc5 32. Rxa6 Rd5 33. Rb6 Kf7 34.
Rf1 Ke7 35. b3 Rc5 36. Rd1 Rxc3 37. Rxb5 Ke6 38. a4 Rc2 39. a5 Ra2 40. b4 Kf5
41. Rb7 Ke4 42. Re7 Nd3 43. Rxd3 Kxd3 44. Rxe5 Kc4 45. Re4+ Kb5 46. Re7 h6 47.
Rxg7 hxg5 48. Rxg5+ Kxb4 49. h4 Kc4 50. h5 Kd4 51. h6 Ra1+ 52. Kg2 Ra2+ 53. Kg3
Ra1 54. Rh5 Ke3 55. Kg2 Ke2 56. h7 Ra4 57. h8=Q Rg4+ 58. Kh3 Rc4 59. Qe8+ 1-0

[Event "DSM WK M 2010"]
[Site "Karlsruhe GER"]
[Date "2010.05.09"]
[Round "7"]
[White "Häcker, Katrin"]
[Black "Mehling, Katharina"]
[Result "0-1"]
[Termination "normal"]
[Board "1.3"]
[WhiteElo "1615"]
[BlackElo "1524"]
[WhiteTeam "Solitude-Gymnasium Stuttgart"]
[BlackTeam "Johann-Schöner-Gymnasium Karlstadt"]
[PlyCount "140"]
[WhiteFideId "24667986"]
[BlackFideId "12900362"]
[EventCountry "GER"]
[EventRounds "7"]
[EventType "team-swiss"]
[EventDate "2010.05.06"]

1. e4 d6 2. d4 Nf6 3. Nc3 g6 4. f4 Bg7 5. Nf3 O-O 6. Bd3 Nbd7 7. O-O c5 8. e5
Ne8 9. Be3 Qc7 10. Ng5 cxd4 11. Bxd4 dxe5 12. Be3 exf4 13. Nd5 Qe5 14. Nxe7+
Qxe7 15. Bxf4 h6 16. Ne4 Nef6 17. Bd6 Qd8 18. Bxf8 Qxf8 19. Kh1 Nxe4 20. Bxe4
Bxb2 21. Rb1 Bg7 22. Bxb7 Rb8 23. Bd5 Rxb1 24. Qxb1 Nf6 25. Bc4 Qd6 26. Rd1 Qc7
27. Qb3 Bf5 28. Re1 Be4 29. Bd3 Bxd3 30. Qxd3 Ng4 31. Re8+ Kh7 32. Qg3 Qxg3 33.
hxg3 Bd4 34. Rd8 Bb6 35. Rd7 Kg7 36. Re7 Kf6 37. Re1 Bf2 38. Re4 h5 39. Rf4+
Ke6 40. Re4+ Kd6 41. Rf4 f6 42. Rf3 Ke5 43. Ra3 Ke4 44. Ra4+ Kf5 45. Ra5+ Ke4
46. Ra4+ Kd5 47. c4+ Kc5 48. Rxa7 Kxc4 49. Ra4+ Kc3 50. Ra3+ Kc2 51. Rf3 Be3
52. a4 Kb3 53. a5 Kb4 54. a6 Bb6 55. Rf1 Kb5 56. Ra1 Ba7 57. Ra2 Kb6 58. Ra5
Nf2+ 59. Kh2 Kxa5 60. g4 Nxg4+ 61. Kh3 Kxa6 62. g3 Bb8 63. Kh4 Nh6 64. g4 Nxg4
65. Kh3 f5 66. Kh4 f4 67. Kg5 f3 68. Kxg6 f2 69. Kxh5 f1=Q 70. Kxg4 Qf4+ 0-1

[Event "DSM WK M 2010"]
[Site "Karlsruhe GER"]
[Date "2010.05.09"]
[Round "7"]
[White "Mehling, Theresa"]
[Black "Zacke, Tamara"]
[Result "0-1"]
[Termination "normal"]
[Board "1.4"]
[WhiteElo "728"]
[BlackElo "857"]
[WhiteTeam "Johann-Schöner-Gymnasium Karlstadt"]
[BlackTeam "Solitude-Gymnasium Stuttgart"]
[PlyCount "78"]
[EventCountry "GER"]
[EventRounds "7"]
[EventType "team-swiss"]
[EventDate "2010.05.06"]

1. e4 e5 2. Nf3 Nc6 3. Nc3 Nf6 4. Bc4 Bc5 5. d3 O-O 6. Bg5 d6 7. O-O Be6 8. Bb5
Rb8 9. h3 a6 10. Ba4 b5 11. Bb3 Nd4 12. Bxe6 fxe6 13. Rc1 Qe8 14. Nh4 Nh5 15.
Qd2 Nc6 16. Rce1 Ng3 17. a3 Nxf1 18. Rxf1 a5 19. Ne2 d5 20. Ng3 Ne7 21. Qd1 Ng6
22. Qg4 Nxh4 23. Qxh4 Qg6 24. Qg4 h6 25. Bd2 Qxg4 26. hxg4 Ra8 27. b4 axb4 28.
axb4 Bb6 29. Ne2 Ra2 30. Rd1 Rxf2 31. Re1 Rxe2+ 32. Kf1 Rxd2 33. g3 Raxc2 34.
d4 Bxd4 35. g5 h5 36. g6 Bf2 37. g4 Bxe1 38. gxh5 Rc1 39. h6 Bh4# 0-1

[Event "DSM WK M 2010"]
[Site "Karlsruhe GER"]
[Date "2010.05.09"]
[Round "7"]
[White "Klinger, Jacquelin"]
[Black "Riedelsheimer, Julia"]
[Result "1-0"]
[Termination "normal"]
[Board "2.1"]
[WhiteElo "1544"]
[BlackElo "1152"]
[WhiteTeam "Märkische Schule Wattenscheid"]
[BlackTeam "Gymnasium Donauwörth"]
[PlyCount "93"]
[EventCountry "GER"]
[EventRounds "7"]
[EventType "team-swiss"]
[EventDate "2010.05.06"]

1. e4 c6 2. Nf3 d5 3. e5 Bf5 4. d4 e6 5. Be2 Ne7 6. Bg5 Qb6 7. b3 Ng6 8. O-O h6
9. Be3 Be7 10. Nc3 O-O 11. Qc1 Nd7 12. h3 c5 13. Na4 Qc7 14. c3 cxd4 15. cxd4
Qxc1 16. Raxc1 a6 17. Rc7 b5 18. Rxd7 bxa4 19. bxa4 Rfc8 20. Rc1 Rxc1+ 21. Bxc1
Rc8 22. Be3 Rc2 23. Bxa6 Rxa2 24. Bb5 Ra1+ 25. Kh2 Bc2 26. Ra7 Bb4 27. Be8 Ne7
28. Bd2 Bxd2 29. Nxd2 Nf5 30. Nf3 Kh7 31. Bxf7 Rxa4 32. Rxa4 Bxa4 33. Bxe6 Ne7
34. Nh4 Bb3 35. f4 Bc4 36. f5 Nc6 37. Nf3 Nd8 38. Bd7 Kg8 39. g4 Kf8 40. h4 Ke7
41. Bc8 Nc6 42. g5 h5 43. f6+ gxf6 44. gxf6+ Kf8 45. e6 Na7 46. Bd7 Bb5 47. e7+
1-0

[Event "DSM WK M 2010"]
[Site "Karlsruhe GER"]
[Date "2010.05.09"]
[Round "7"]
[White "Vogel, Anna"]
[Black "Rohm, Marlena"]
[Result "0-1"]
[Termination "normal"]
[Board "2.2"]
[WhiteElo "887"]
[BlackElo "1506"]
[WhiteTeam "Gymnasium Donauwörth"]
[BlackTeam "Märkische Schule Wattenscheid"]
[PlyCount "52"]
[BlackFideId "12931632"]
[EventCountry "GER"]
[EventRounds "7"]
[EventType "team-swiss"]
[EventDate "2010.05.06"]

1. e4 c5 2. Nc3 Nc6 3. f4 e6 4. Nf3 Nge7 5. Bb5 g6 6. d3 Bg7 7. O-O O-O 8. Be3
Nd4 9. Nxd4 cxd4 10. Bxd4 Bxd4+ 11. Kh1 a6 12. Ba4 Qa5 13. Bb3 Bxc3 14. bxc3
Qxc3 15. Qg4 f5 16. Qg5 Qf6 17. Rae1 Qxg5 18. fxg5 b5 19. exf5 Rxf5 20. Rxf5
Nxf5 21. Kg1 Bb7 22. g3 Rf8 23. a4 Nd4 24. Re3 Nf3+ 25. Kg2 Nxg5+ 26. Kg1 Nh3#
0-1

[Event "DSM WK M 2010"]
[Site "Karlsruhe GER"]
[Date "2010.05.09"]
[Round "7"]
[White "Müller, Laura Margarita"]
[Black "Aurnhammer, Bianca"]
[Result "1/2-1/2"]
[Termination "normal"]
[Board "2.3"]
[WhiteElo "1544"]
[BlackElo "1038"]
[WhiteTeam "Märkische Schule Wattenscheid"]
[BlackTeam "Gymnasium Donauwörth"]
[PlyCount "51"]
[WhiteFideId "12917923"]
[EventCountry "GER"]
[EventRounds "7"]
[EventType "team-swiss"]
[EventDate "2010.05.06"]

1. d4 d5 2. c4 c6 3. Bf4 Nf6 4. e3 e6 5. Bd3 Be7 6. Nf3 O-O 7. O-O dxc4 8. Bxc4
Nbd7 9. Nc3 b5 10. Bd3 Nb6 11. Qc2 g6 12. Ne2 Nfd5 13. Qxc6 Bd7 14. Qc2 Rc8 15.
Qd1 a6 16. a3 Bf6 17. Rc1 Qe7 18. Qd2 Nxf4 19. Nxf4 e5 20. dxe5 Bxe5 21. Nxe5
Qxe5 22. h3 Rfd8 23. Qe2 Qg5 24. Rxc8 Rxc8 25. Be4 f5 26. Bb7 1/2-1/2

[Event "DSM WK M 2010"]
[Site "Karlsruhe GER"]
[Date "2010.05.09"]
[Round "7"]
[White "Holler, Sophia"]
[Black "Berger, Melanie"]
[Result "0-1"]
[Termination "normal"]
[Board "2.4"]
[WhiteElo "800"]
[BlackElo "1425"]
[WhiteTeam "Gymnasium Donauwörth"]
[BlackTeam "Märkische Schule Wattenscheid"]
[PlyCount "102"]
[EventCountry "GER"]
[EventRounds "7"]
[EventType "team-swiss"]
[EventDate "2010.05.06"]

1. e4 e5 2. Nf3 Nc6 3. Bc4 Nf6 4. Nc3 Bc5 5. d3 h6 6. O-O O-O 7. Be3 Bb6 8. h3
d6 9. Bd2 Be6 10. Bb3 Na5 11. Nd5 Nxb3 12. axb3 Nxd5 13. exd5 Bxd5 14. c4 Be6
15. g4 f5 16. g5 f4 17. gxh6 Bxh3 18. hxg7 Kxg7 19. Qe2 Bxf1 20. Qxf1 Rg8 21.
Qh3 Kf7+ 22. Kf1 Qf6 23. Ke2 Raf8 24. Rh1 Ke7 25. Kd1 Kd8 26. Kc2 Rh8 27. Qg2
Rxh1 28. Qxh1 Kc8 29. b4 Bxf2 30. Qg2 Be3 31. b5 Bxd2 32. Nxd2 f3 33. Qf2 Kb8
34. Ne4 Qf4 35. c5 Rg8 36. Kb3 Rg2 37. Qe1 f2 38. Nxf2 Qxf2 39. Qc3 Qxc5 40.
Qxc5 dxc5 41. Kc4 Rxb2 42. Kxc5 a5 43. bxa6 bxa6 44. Kd5 Rb5+ 45. Kc4 Kb7 46.
Kc3 Kc6 47. d4 exd4+ 48. Kxd4 Kd6 49. Kc4 c6 50. Kd4 a5 51. Ke4 a4 0-1

[Event "DSM WK M 2010"]
[Site "Karlsruhe GER"]
[Date "2010.05.09"]
[Round "7"]
[White "Bohrmann, Sandra"]
[Black "Evers, Annika"]
[Result "0-1"]
[Termination "normal"]
[Board "3.1"]
[WhiteElo "1563"]
[BlackElo "1695"]
[WhiteTeam "Max-Planck-Gymnasium Ludwigshafen"]
[BlackTeam "Athenaeum Stade"]
[PlyCount "108"]
[WhiteFideId "12905437"]
[BlackFideId "24691933"]
[EventCountry "GER"]
[EventRounds "7"]
[EventType "team-swiss"]
[EventDate "2010.05.06"]

1. e4 c5 2. c4 Nc6 3. Nc3 g6 4. g3 Bg7 5. Nge2 d6 6. Bg2 h5 7. d3 h4 8. Nf4 Nf6
9. a3 Nd4 10. Bh3 Bxh3 11. Nxh3 hxg3 12. hxg3 Qd7 13. Be3 Rxh3 14. Rxh3 Qxh3
15. Bxd4 Qh1+ 16. Kd2 Qxd1+ 17. Rxd1 cxd4 18. Nb5 Kd7 19. f3 a6 20. Nxd4 Nxe4+
21. dxe4 Bxd4 22. Kc2 Bg7 23. Rh1 Rh8 24. Rxh8 Bxh8 25. b3 Kc6 26. b4 b5 27.
Kb3 bxc4+ 28. Kxc4 e6 29. a4 d5+ 30. Kd3 dxe4+ 31. fxe4 f5 32. Ke3 Be5 33. exf5
gxf5 34. Kf3 Bd6 35. b5+ axb5 36. axb5+ Kxb5 37. g4 fxg4+ 38. Kxg4 Kc4 39. Kf3
Kd3 40. Kf2 e5 41. Kf1 e4 42. Ke1 e3 43. Kf1 e2+ 44. Kf2 Bg3+ 45. Kxg3 e1=Q+
46. Kf4 Qe4+ 47. Kg5 Qf3 48. Kg6 Qf4 49. Kg7 Qf5 50. Kg8 Qd7 51. Kf8 Ke4 52.
Kg8 Qe7 53. Kh8 Kf5 54. Kg8 Kg6 0-1

[Event "DSM WK M 2010"]
[Site "Karlsruhe GER"]
[Date "2010.05.09"]
[Round "7"]
[White "Serebrianski, Anita"]
[Black "Lange, Anika"]
[Result "0-1"]
[Termination "normal"]
[Board "3.3"]
[WhiteElo "1147"]
[BlackElo "1215"]
[WhiteTeam "Max-Planck-Gymnasium Ludwigshafen"]
[BlackTeam "Athenaeum Stade"]
[PlyCount "94"]
[BlackFideId "24693405"]
[EventCountry "GER"]
[EventRounds "7"]
[EventType "team-swiss"]
[EventDate "2010.05.06"]

1. e4 c5 2. c4 Nc6 3. Nc3 d6 4. Nf3 Nf6 5. g3 g6 6. Bg2 Bg7 7. O-O O-O 8. d3
Rb8 9. a3 a6 10. Be3 e5 11. Rb1 b5 12. Nd5 bxc4 13. dxc4 Nxd5 14. cxd5 Nd4 15.
b4 Nxf3+ 16. Qxf3 cxb4 17. axb4 f5 18. Qe2 Bd7 19. Qxa6 Bb5 20. Qa5 Bxf1 21.
Qxd8 Rfxd8 22. Kxf1 Rd7 23. b5 Rdb7 24. b6 Bf6 25. f4 fxe4 26. Bxe4 exf4 27.
Bxf4 Rxb6 28. Ke2 Rxb1 29. Bxb1 Rxb1 30. Bxd6 Kf7 31. Kd3 Be7 32. Bc7 Rd1+ 33.
Kc4 Rc1+ 34. Kb5 Rxc7 35. Kb6 Rc2 36. h4 Rg2 37. Kc6 Rxg3 38. d6 Bxd6 39. Kxd6
Rh3 40. Ke5 Rxh4 41. Kd6 g5 42. Ke5 Ra4 43. Kf5 g4 44. Kg5 g3 45. Kh6 g2 46.
Kh5 g1=Q 47. Kh6 Rh4# 0-1

[Event "DSM WK M 2010"]
[Site "Karlsruhe GER"]
[Date "2010.05.09"]
[Round "7"]
[White "Nesterkin, Maria"]
[Black "Keil, Mareike"]
[Result "1-0"]
[Termination "normal"]
[Board "3.4"]
[WhiteElo "860"]
[BlackElo "1032"]
[WhiteTeam "Athenaeum Stade"]
[BlackTeam "Max-Planck-Gymnasium Ludwigshafen"]
[PlyCount "115"]
[EventCountry "GER"]
[EventRounds "7"]
[EventType "team-swiss"]
[EventDate "2010.05.06"]

1. d4 d5 2. Nf3 Nf6 3. e3 Nc6 4. Bd3 e6 5. O-O Bd6 6. b3 O-O 7. Bb2 Qe7 8. Nbd2
e5 9. dxe5 Bxe5 10. Nxe5 Nxe5 11. Nf3 Bg4 12. Bxe5 Bxf3 13. Bxf6 Qxf6 14. Qxf3
Qxf3 15. gxf3 Rad8 16. c3 c5 17. c4 dxc4 18. Bxc4 Rd2 19. Rfd1 Rfd8 20. Rxd2
Rxd2 21. Re1 Rxa2 22. Rd1 g6 23. Rd7 b6 24. Rxf7 Kh8 25. f4 a6 26. f5 gxf5 27.
Rxf5 b5 28. Bd5 Kg7 29. Kg2 Kg6 30. e4 Rd2 31. Bf7+ Kg7 32. Kg3 Rd7 33. Be6 Re7
34. Bd5 a5 35. Kg4 h6 36. h4 a4 37. bxa4 bxa4 38. Kh5 a3 39. f3 Ra7 40. Ba2 c4
41. Bxc4 a2 42. Bxa2 Rxa2 43. Kg4 Rg2+ 44. Kf4 Rh2 45. h5 Rb2 46. e5 Rb8 47. e6
Re8 48. Ke5 Re7 49. f4 Re8 50. Rf7+ Kg8 51. Kf6 Rf8 52. Rxf8+ Kxf8 53. e7+ Ke8
54. Kg7 Kxe7 55. Kxh6 Kf6 56. Kh7 Kf5 57. h6 Kxf4 58. Kg7 1-0

[Event "DSM WK M 2010"]
[Site "Karlsruhe GER"]
[Date "2010.05.09"]
[Round "7"]
[White "Bajorski, Maria Sophie"]
[Black "Hoffmann, Hanna Dorina"]
[Result "1-0"]
[Termination "normal"]
[Board "4.1"]
[WhiteElo "1347"]
[BlackElo "1536"]
[WhiteTeam "Marienschule Limburg"]
[BlackTeam "Mallinckrodt-Gymnasium Dortmund"]
[PlyCount "77"]
[WhiteFideId "24654531"]
[BlackFideId "12909858"]
[EventCountry "GER"]
[EventRounds "7"]
[EventType "team-swiss"]
[EventDate "2010.05.06"]

1. e4 c5 2. Nf3 d6 3. d4 cxd4 4. Nxd4 Nf6 5. Nc3 g6 6. Bc4 Bg7 7. O-O O-O 8.
Re1 Qc7 9. Bb3 Bd7 10. Bg5 Nc6 11. Qd3 Nxd4 12. Qxd4 Rfe8 13. Qd2 Bh8 14. Rad1
Rad8 15. h3 Qa5 16. Bh4 Qh5 17. Bg3 Bc6 18. Qe3 b6 19. Rd2 Nd7 20. Red1 Nc5 21.
Bc4 Nd7 22. Nd5 Rc8 23. Be2 Qxe2 24. Qxe2 Nc5 25. f3 Ne6 26. c3 Ba4 27. Rc1 Nd4
28. Qe1 Ne6 29. f4 Rc5 30. Bh4 Bb5 31. Nxe7+ Kf8 32. Rxd6 Nxf4 33. Kh1 Nd3 34.
Qe3 Nxc1 35. Qh6+ Bg7 36. Qxc1 Re5 37. Qf4 R8xe7 38. Bxe7+ Kxe7 39. Rd5 1-0

[Event "DSM WK M 2010"]
[Site "Karlsruhe GER"]
[Date "2010.05.09"]
[Round "7"]
[White "Demetrescu, Alice"]
[Black "Liez, Franziska"]
[Result "1-0"]
[Termination "normal"]
[Board "4.2"]
[WhiteElo "800"]
[BlackElo "1440"]
[WhiteTeam "Mallinckrodt-Gymnasium Dortmund"]
[BlackTeam "Marienschule Limburg"]
[PlyCount "115"]
[BlackFideId "1271766"]
[EventCountry "GER"]
[EventRounds "7"]
[EventType "team-swiss"]
[EventDate "2010.05.06"]

1. d4 d5 2. c4 Nf6 3. cxd5 Nxd5 4. e4 Nb6 5. Nc3 e6 6. Bf4 Bb4 7. Bd3 Qxd4 8.
Bb5+ Qd7 9. Bxd7+ Bxd7 10. Nge2 O-O 11. O-O Nc6 12. Bxc7 Be8 13. Bxb6 axb6 14.
a3 Be7 15. Qb3 Ne5 16. Qxb6 Bc6 17. Rfd1 Nc4 18. Qb3 Nd6 19. Nd4 Rab8 20. e5
Ne4 21. Nxc6 bxc6 22. Qc2 Nc5 23. b4 Na6 24. Rd3 Bxb4 25. Rh3 h6 26. axb4 Nxb4
27. Qe4 Nd5 28. Nxd5 cxd5 29. Qd3 Rfc8 30. g3 Rc4 31. Rh4 Rxh4 32. gxh4 h5 33.
Rb1 Rf8 34. Qb5 g6 35. Qb8 Rxb8 36. Rxb8+ Kg7 37. Kg2 g5 38. hxg5 Kg6 39. Rb7
Kxg5 40. Rxf7 d4 41. Kf3 Kg6 42. Rd7 Kf5 43. Rxd4 Kxe5 44. Rh4 Kd5 45. Rxh5+ e5
46. Ke3 Ke6 47. Ke4 Kf6 48. Rxe5 Kg6 49. Kf4 Kf6 50. h4 Kg6 51. h5+ Kh6 52. Kg4
Kg7 53. Re3 Kh6 54. Rh3 Kg7 55. h6+ Kh7 56. f4 Kg8 57. h7+ Kh8 58. f5 1-0

[Event "DSM WK M 2010"]
[Site "Karlsruhe GER"]
[Date "2010.05.09"]
[Round "7"]
[White "Liez, Tatjana"]
[Black "Reinecke, Lena"]
[Result "1-0"]
[Termination "normal"]
[Board "4.3"]
[WhiteElo "1190"]
[BlackElo "800"]
[WhiteTeam "Marienschule Limburg"]
[BlackTeam "Mallinckrodt-Gymnasium Dortmund"]
[PlyCount "111"]
[WhiteFideId "1271769"]
[EventCountry "GER"]
[EventRounds "7"]
[EventType "team-swiss"]
[EventDate "2010.05.06"]

1. e4 e5 2. Nf3 Nc6 3. Bc4 Bc5 4. d3 Nf6 5. Nc3 d6 6. Bg5 Be6 7. Bb3 Nd4 8. h3
Nxf3+ 9. Qxf3 h6 10. Bxf6 gxf6 11. Qh5 c6 12. Bxe6 Qe7 13. Bb3 O-O-O 14. Rf1
Qd7 15. O-O-O Rhg8 16. g3 Rg5 17. Qe2 f5 18. Na4 Bd4 19. c3 Bc5 20. Nxc5 dxc5
21. h4 Rg6 22. exf5 Rf6 23. g4 Rd6 24. h5 f6 25. Be6 Rxe6 26. fxe6 Qxe6 27. Kb1
f5 28. f3 Qd6 29. Kc2 Qc7 30. Rfe1 Qa5 31. a3 Qa4+ 32. Kb1 Rd5 33. Qc2 Qxc2+
34. Kxc2 Kc7 35. gxf5 Kd8 36. c4 Rd7 37. Rxe5 Rf7 38. Rde1 Kd7 39. Rxc5 Kd6 40.
Rce5 Kd7 41. Rg1 Re7 42. Rxe7+ Kxe7 43. Rg6 Kf7 44. Rxh6 Kg7 45. Re6 Kf7 46.
Kd2 c5 47. Ke3 b6 48. Kf4 b5 49. Kg5 bxc4 50. dxc4 a5 51. Rg6 Ke7 52. h6 a4 53.
h7 Kd7 54. h8=Q Kc7 55. Qh7+ Kb8 56. Rg8# 1-0

[Event "DSM WK M 2010"]
[Site "Karlsruhe GER"]
[Date "2010.05.09"]
[Round "7"]
[White "Frieling, Nora"]
[Black "Heinz, Michelle"]
[Result "0-1"]
[Termination "normal"]
[Board "4.4"]
[WhiteElo "800"]
[BlackElo "1006"]
[WhiteTeam "Mallinckrodt-Gymnasium Dortmund"]
[BlackTeam "Marienschule Limburg"]
[PlyCount "44"]
[BlackFideId "1271782"]
[EventCountry "GER"]
[EventRounds "7"]
[EventType "team-swiss"]
[EventDate "2010.05.06"]

1. e4 e5 2. Nf3 Nc6 3. Bc4 Nf6 4. Ng5 d5 5. Bb3 h6 6. Nf3 Nxe4 7. O-O Bg4 8. d3
Nf6 9. Be3 Bb4 10. a3 Ba5 11. h3 Bh5 12. Nc3 d4 13. Bd2 dxc3 14. bxc3 O-O 15.
Re1 Re8 16. Qe2 Qd6 17. Rad1 Rad8 18. Bc4 e4 19. Be3 exf3 20. gxf3 Ne5 21. Rf1
Nxf3+ 22. Kg2 Qh2# 0-1

[Event "DSM WK M 2010"]
[Site "Karlsruhe GER"]
[Date "2010.05.09"]
[Round "7"]
[White "Kühnel, Lena"]
[Black "Reyher, Susan"]
[Result "1-0"]
[Termination "normal"]
[Board "5.1"]
[WhiteElo "1858"]
[BlackElo "1246"]
[WhiteTeam "Lise-Meitner-Gymnasium Königsbach-Stein"]
[BlackTeam "J.H. Pestalozzi GS Leegebruch"]
[PlyCount "63"]
[WhiteFideId "24640956"]
[BlackFideId "24686107"]
[EventCountry "GER"]
[EventRounds "7"]
[EventType "team-swiss"]
[EventDate "2010.05.06"]

1. e4 e5 2. Nf3 Nc6 3. Bb5 a6 4. Ba4 b5 5. Bb3 Nf6 6. O-O Nxe4 7. d4 exd4 8.
Re1 d5 9. Nxd4 Nxd4 10. Qxd4 Be6 11. Qd1 Bc5 12. Be3 Be7 13. c3 O-O 14. Nd2 Ng5
15. Qe2 Re8 16. f4 Ne4 17. Nxe4 dxe4 18. Bxe6 fxe6 19. Bd4 Bh4 20. Qg4 g6 21.
Rxe4 Qd5 22. Re5 Qd8 23. Rxe6 Rxe6 24. Qxe6+ Kf8 25. Bc5+ Kg7 26. Bd4+ Kf8 27.
g3 Be7 28. Re1 c5 29. Be3 Ra7 30. f5 Rd7 31. Bh6+ Ke8 32. Qg8# 1-0

[Event "DSM WK M 2010"]
[Site "Karlsruhe GER"]
[Date "2010.05.09"]
[Round "7"]
[White "Kauselmann, Laura"]
[Black "Sauer, Annika"]
[Result "0-1"]
[Termination "normal"]
[Board "5.3"]
[WhiteElo "899"]
[BlackElo "1033"]
[WhiteTeam "Lise-Meitner-Gymnasium Königsbach-Stein"]
[BlackTeam "J.H. Pestalozzi GS Leegebruch"]
[PlyCount "80"]
[BlackFideId "12952052"]
[EventCountry "GER"]
[EventRounds "7"]
[EventType "team-swiss"]
[EventDate "2010.05.06"]

1. e4 e5 2. Nf3 Nc6 3. Nc3 Bc5 4. Bc4 d6 5. h3 Nf6 6. d3 O-O 7. O-O Be6 8. Bg5
h6 9. Bh4 Na5 10. b3 Nxc4 11. bxc4 c6 12. Rb1 b6 13. Bg3 Nh5 14. Bh2 Qf6 15.
Na4 Qg6 16. g4 Nf4 17. Bxf4 exf4 18. Nxc5 bxc5 19. Qd2 f5 20. exf5 Rxf5 21. Nh4
Qg5 22. Nxf5 Bxf5 23. Qe2 Bg6 24. Qe6+ Kh7 25. Rb7 Rg8 26. Re1 Re8 27. Qd7
Rxe1+ 28. Kh2 Qf6 29. Rxa7 Rf1 30. Kg2 Re1 31. Kf3 Rc1 32. h4 Rxc2 33. g5 Qd4
34. Kg4 f3+ 35. Kg3 Qxf2+ 36. Kf4 Qh2+ 37. Ke3 Re2+ 38. Kxf3 Qg2+ 39. Kf4 Rf2+
40. Ke3 Qf3# 0-1

[Event "DSM WK M 2010"]
[Site "Karlsruhe GER"]
[Date "2010.05.09"]
[Round "7"]
[White "Allonge, Mandy"]
[Black "Roether, Barbara"]
[Result "1-0"]
[Termination "normal"]
[Board "5.4"]
[WhiteElo "866"]
[BlackElo "800"]
[WhiteTeam "J.H. Pestalozzi GS Leegebruch"]
[BlackTeam "Lise-Meitner-Gymnasium Königsbach-Stein"]
[PlyCount "73"]
[EventCountry "GER"]
[EventRounds "7"]
[EventType "team-swiss"]
[EventDate "2010.05.06"]

1. e4 e5 2. Nf3 Bc5 3. Nxe5 f6 4. Nf7 Kxf7 5. Bc4+ Ke8 6. Qh5+ g6 7. Qxc5 Ne7
8. Nc3 Nbc6 9. Nd5 Ng8 10. e5 fxe5 11. Nf6+ Nxf6 12. O-O b6 13. Qe3 Nd4 14.
Qxe5+ Ne6 15. f4 Qe7 16. f5 gxf5 17. Rxf5 Qc5+ 18. Kh1 Qxc4 19. Qxf6 Qd4 20.
Qf7+ Kd8 21. c3 Qe4 22. Kg1 Qe1+ 23. Rf1 Qe2 24. Qf6+ Ke8 25. Qxh8+ Ke7 26. b4
Rb8 27. c4 Nf4 28. Rxf4 Qe1+ 29. Rf1 Qe2 30. Qf6+ Ke8 31. Qf7+ Kd8 32. Qf8+ Qe8
33. Bb2 Qxf8 34. Rxf8+ Ke7 35. Rf6 Ba6 36. Re1+ Kd8 37. Rf8# 1-0

[Event "DSM WK M 2010"]
[Site "Karlsruhe GER"]
[Date "2010.05.09"]
[Round "7"]
[White "Krtschil, Anna"]
[Black "Raab, Helen"]
[Result "0-1"]
[Termination "normal"]
[Board "6.1"]
[WhiteElo "1313"]
[BlackElo "1697"]
[WhiteTeam "Salza Gymnasium Bad Langensalza"]
[BlackTeam "Gymnasium Mainz-Gonsenheim"]
[PlyCount "44"]
[WhiteFideId "4611144"]
[BlackFideId "24653608"]
[EventCountry "GER"]
[EventRounds "7"]
[EventType "team-swiss"]
[EventDate "2010.05.06"]

1. e4 e6 2. d3 d5 3. Nd2 Nf6 4. Ngf3 c5 5. g3 Nc6 6. Bg2 d4 7. O-O Bd6 8. Re1
e5 9. Nc4 O-O 10. Kh1 b5 11. Nxd6 Qxd6 12. Bd2 c4 13. Rb1 h6 14. Qe2 Be6 15.
Ng1 cxd3 16. cxd3 Nb4 17. Bxb4 Qxb4 18. b3 Rac8 19. Rbc1 Rc3 20. Nf3 Nd7 21.
Nd2 Rfc8 22. Qd1 Rxc1 0-1

[Event "DSM WK M 2010"]
[Site "Karlsruhe GER"]
[Date "2010.05.09"]
[Round "7"]
[White "Beck, Clara"]
[Black "Winterberg, Johanna"]
[Result "1-0"]
[Termination "normal"]
[Board "6.4"]
[WhiteElo "812"]
[BlackElo "1004"]
[WhiteTeam "Gymnasium Mainz-Gonsenheim"]
[BlackTeam "Salza Gymnasium Bad Langensalza"]
[PlyCount "119"]
[BlackFideId "12929344"]
[EventCountry "GER"]
[EventRounds "7"]
[EventType "team-swiss"]
[EventDate "2010.05.06"]

1. e4 c5 2. Nc3 Nc6 3. Bb5 Nf6 4. Nf3 g6 5. d4 a6 6. Be2 d6 7. dxc5 dxc5 8.
Qxd8+ Nxd8 9. Be3 b6 10. e5 Ng4 11. Nd5 Nxe3 12. Nxe3 Ne6 13. Nd5 b5 14. Ng5
Ra7 15. Ne4 Bg7 16. f4 Bb7 17. O-O-O O-O 18. Nxe7+ Kh8 19. Nd5 Nxf4 20. Nxf4
Bxe4 21. Bf3 Bxf3 22. gxf3 Bh6 23. Rd5 Bxf4+ 24. Kb1 Re8 25. h4 Rxe5 26. Rxe5
Bxe5 27. Re1 Bf4 28. Re4 Bh6 29. c4 Kg7 30. cxb5 axb5 31. Re5 Rc7 32. b4 c4 33.
Rxb5 Kf6 34. a4 c3 35. Kc2 g5 36. h5 Ke6 37. a5 Kd6 38. Rb6+ Rc6 39. Rb7 Ke6
40. b5 Rc5 41. a6 Rc8 42. a7 Bg7 43. Rb8 Rxb8 44. axb8=Q Kf5 45. Qd8 Bf6 46.
Qd5+ Be5 47. b6 Kf6 48. b7 h6 49. Qb5 Kg7 50. b8=Q Bxb8 51. Qxb8 Kf6 52. Kxc3
Kg7 53. Qb6 Kf8 54. Kd4 Kg7 55. Ke5 f6+ 56. Kd5 Kf7 57. Qa7+ Kf8 58. Ke6 Kg8
59. Kxf6 Kh8 60. Qg7# 1-0

[Event "DSM WK M 2010"]
[Site "Karlsruhe GER"]
[Date "2010.05.09"]
[Round "7"]
[White "Wichert, Melanie"]
[Black "Bykov, Ilona"]
[Result "1-0"]
[Termination "normal"]
[Board "7.1"]
[WhiteElo "800"]
[BlackElo "783"]
[WhiteTeam "Gymnasium am Thie Blankenburg"]
[BlackTeam "Südendschule Karlsruhe"]
[PlyCount "61"]
[BlackFideId "12964433"]
[EventCountry "GER"]
[EventRounds "7"]
[EventType "team-swiss"]
[EventDate "2010.05.06"]

1. e4 e5 2. Nc3 Nf6 3. Nf3 Nc6 4. Bc4 Bc5 5. O-O h6 6. h3 d6 7. a3 g5 8. b4 g4
9. hxg4 Bxg4 10. bxc5 dxc5 11. Be2 Nd4 12. Nxe5 Bxe2 13. Nxe2 Nxe2+ 14. Qxe2
Qd4 15. Qb5+ Kd8 16. Qb2 Qxb2 17. Bxb2 Nxe4 18. Nxf7+ Kd7 19. Nxh8 Rf8 20. f3
Nxd2 21. Rad1 Rf5 22. Rxd2+ Ke6 23. Re1+ Re5 24. Rxe5+ Kf6 25. Rdd5 Kg7 26.
Re6+ Kg8 27. Rd7 Kf8 28. Bg7+ Kg8 29. Rxc7 Kh7 30. Bxh6+ Kxh8 31. Re8# 1-0